Perspectivas de la globalizacin̤

Detalles Bibliográficos
Otros Autores: Blanca, Manuel (ed), Cuerdo, Miguel (ed), Sainz, Jorge (ed)
Formato: Desconocido
Lenguaje:español
Publicado: Madrid : Dykinson, S.L., 2006
Materias:
Acceso en línea:Acceso restringido

MARC

LEADER 00000ny a22000003n 4500
005 20110523123824.0
008 070511s2006 sp s 000 0 spa c
017 |a D.L.SE 4660-2006 
020 |a 8497729250 
035 |a 1753 
040 |a SpMaUCCE  |d BUS  |d vLex 
040 |a UMA.DER  |d BUS  |d vLex 
040 |a UMA.RE  |d BUS  |d vLex 
080 |a 339.92 
090 |c 147  |d 147 
245 0 0 |a Perspectivas de la globalizacin̤  |h [Recurso electrn̤ico]  |c Manuel Blanca, Miguel Cuerdo; Jorge Sainz (editores) 
256 |a Servicio en ln̕ea 
260 |a Madrid :   |b Dykinson, S.L.,  |c 2006 
300 |a 239 p. ;   |c 24 cm 
506 1 |a Contenido solo disponible en los productos indicados  |d vLex Global  |d vLex Global (Academic Edition, excluding Law Schools)  |d vLex Global (U.S. Academic Edition, Law Schools)  |d vLex Global (U.S. Academic Edition, excluding Law Schools)  |d vLex Global (Academic Edition, Law Schools) 
650 0 7 |2 Tesauro vLex  |a Comunitario 
650 0 7 |2 Tesauro vLex  |a Derecho comunitario 
700 1 |a Blanca, Manuel  |e ed 
700 1 |a Cuerdo, Miguel  |e ed 
700 1 |a Sainz, Jorge  |e ed 
740 0 |a vLex Libros (Servicios en ln̕ea) 
856 4 0 |z Acceso restringido  |u http://vlex.com/source/perspectivas-globalizaci-n-1753 
942 |c BOOK 
999 0 |a Law  |b Madrid